000 00659nam a2200241Ia 4500
005 20260429111926.0
008 260429s9999||||xx |||||||||||||| ||und||
020 _a9780367748814
041 _aEnglish
082 _a384.54
_bMAL
100 _aMalik, Kanchan K
245 0 _aCommunity radio in south Asia :
_breclaiming the airwaves /
_cKanchan K Malik
250 _a1st ed.
260 _aNew York :
_bRoutledge,
_c2020.
300 _axvi, 294 p.; hb
650 _a Broadcasting
650 _a Mass communication
650 _a Media studies
650 _a South Asia
650 _aCommunity radio
700 _a Pavarala, Vinod
942 _cTB
999 _c51462
_d51462